000 00424nam a2200169 4500
003 SEACOMEC
005 20240417120043.0
008 231007b |||||||| |||| 00| 0 eng d
040 _aSEACOMEC
082 _a004.16
_bM889
100 1 _aMorton, Todd D.
245 1 _aEmbedded Microcontrollers
_cTodd D. Morton
260 _aDelhi
_bPearson
_c2005
650 _aComputer science
650 _aPersonal computers
942 _cBOOK
999 _c175
_d175